Atlas de las plantas medicinales y curativas : La salud a través de las plantas /

El Atlas de las plantas medicinales y curativas es un compendio de fitoterapia. Sin embargo, no hay que buscar entre sus páginas la solución mágica a las enfermedades graves, que corresponde sin lugar a dudas al facultativo, sino la adquisición de unos conocimientos tradicionales sobre las caracterí...

Descripción completa

Guardado en:
Autor Principal: Forés, Ramón.
Otros Autores: Montaña, Thema L.; il.
Formato: Libro
Idioma:Undetermined
Publicado: Barcelona : Cultural, 1997.
Materias:
Etiquetas: Agregar Etiqueta
Sin Etiquetas, Sea el primero en etiquetar este registro!
LEADER 01193nam a22002295a 4500
001 CEM.cems020082
008 230509s1997####sp############000#0#und#d
005 20230509115315.0
245 1 0 |a Atlas de las plantas medicinales y curativas :  |b La salud a través de las plantas /  |c Ramón Forés ; ilustrado por Thema L. Montañá. 
260 |a Barcelona :  |b Cultural,  |c 1997. 
300 |a 111 p. 
505 0 |a El mundo mágico de las plantas -- Hongos -- Helechos y equisetos -- Árboles y arbustos -- Hierbas y matas 
520 |a El Atlas de las plantas medicinales y curativas es un compendio de fitoterapia. Sin embargo, no hay que buscar entre sus páginas la solución mágica a las enfermedades graves, que corresponde sin lugar a dudas al facultativo, sino la adquisición de unos conocimientos tradicionales sobre las características y virtudes terapéuticas de infinidad de plantas de nuestro planeta 
020 |a 8480551887 
100 1 |a Forés, Ramón. 
700 1 |a Montaña, Thema L.; il. 
653 |a Plantas 
653 |a Plantas curativas 
653 |a Plantas medicinales 
653 |a Atlas 
653 |a Fitoterapia 
859 |a CEMS  |b BIB. CEMS - Agricultura  |h 581.6  |i F761  |p A3583.23  |t Ej.1